Normal view
MARC view
Entry Personal Name
001 - CONTROL NUMBER
- control field: 11584
003 - CONTROL NUMBER IDENTIFIER
- control field: BD-RjUL
005 - DATE AND TIME OF LATEST TRANSACTION
- control field: 20240208152037.0
008 - FIXED-LENGTH DATA ELEMENTS
- fixed length control field: 240208|| aca||aabn | a|a d
040 ## - CATALOGING SOURCE
- Original cataloging agency: BD-RjUL
- Transcribing agency: BD-RjUL
100 ## - HEADING--PERSONAL NAME
- Personal name: Allingham, Margery,
- Dates associated with a name: 1904-1966
670 ## - SOURCE DATA FOUND
- Source citation: Work cat.: (BD-RjUL)83022: Allingham, Margery, 1904-1966., Death of a ghost /, c1934, [reprinted 1966]